000 00782cab a2200241 4500
001 WB3246-10
008 090401t1996 xxu||||| |||| 00| 0 eng d
035 _a(Sirsi) u64286
041 _aeng
245 _aDanger comes closer to home
260 _c1996
350 _a0
490 _aHerald
_v30 November 1996, 15(1)
520 _aExamines recent research at Bristol University looking at links between aerosol sprays and overhead electricity pylons on cancer discussed at a recent Association of District Councils Conference.
650 _aAEROSOLS
650 _aCANCER
650 _aELECTROMAGNETIC FIELDS
650 _aHEALTH HAZARDS
650 _aOVERHEAD POWER LINES
690 _aENVIRONMENTAL AND LAND CONSULTANCY-ENERGY
942 _n0
948 _c04/03/1997
999 _c40030
_d40030